[Event "34. Torneo Internacional La Roda"]
[Site "La Roda ESP"]
[Date "2007.04.07"]
[Round "7.19"]
[White "Almagro Mazariegos, Sebastian"]
[Black "Ribeiro, Jose"]
[Result "1-0"]
[WhiteElo "2315"]
[BlackElo "2094"]
[PlyCount "193"]
[EventDate "2007.04.04"]
[EventType "swiss"]
[EventRounds "9"]
[EventCountry "ESP"]
[Source "lmi"]
[SourceDate "2007.04.04"]

1. Nf3 d5 2. b3 Nf6 3. Bb2 c6 4. g3 g6 5. Bg2 Bg7 6. O-O O-O 7. c4 Na6 8. d3
Re8 9. Nbd2 Nc7 10. Qc2 Bg4 11. Rac1 Bxf3 12. Nxf3 Ne6 13. Rfd1 Rc8 14. Bh3 Nh5
15. e4 Bh6 16. Rb1 Ra8 17. Bxe6 fxe6 18. Qe2 Qd6 19. Ne5 Bg7 20. f4 Rad8 21.
Kg2 Rf8 22. Kh1 d4 23. Nf3 e5 24. Nxe5 Bxe5 25. fxe5 Qxe5 26. Kg2 Rf7 27. Rf1
Rdf8 28. Qg4 Nf6 29. Qe2 Nh5 30. b4 Ng7 31. Rxf7 Rxf7 32. Rf1 Rxf1 33. Qxf1 Ne6
34. Bc1 Kg7 35. c5 Qf6 36. Qe2 h5 37. a4 a6 38. h4 Kf7 39. Qa2 Qe5 40. Bf4 Qf6
41. Qc4 Kg7 42. Bc1 Qe5 43. Bb2 Kf8 44. Qc1 Ke8 45. Qh6 Qf6 46. Qh7 Nf8 47. Qg8
e5 48. Bc1 Qf7 49. Qh8 Qa2+ 50. Kg1 Qxa4 51. Qxe5+ Kf7 52. Qf4+ Kg8 53. Qd2 Qb3
54. Kf2 Qf7+ 55. Qf4 Ne6 56. Qxf7+ Kxf7 57. Ke2 a5 58. Ba3 axb4 59. Bxb4 Kf6
60. Kd2 g5 61. Kc2 gxh4 62. gxh4 Ke5 63. Kb3 Nf4 64. Kc4 Ng2 65. Ba5 Ne3+ 66.
Kb3 Kf4 67. Bd8 Ke5 68. Bg5 Nd1 69. Bh6 Nf2 70. Bg7+ Ke6 71. Kc4 Nh3 72. Bxd4
Nf4 73. Bf2 Ng6 74. Bg3 Ne7 75. d4 Nc8 76. d5+ Kd7 77. Bf2 Ne7 78. Kd4 Ng6 79.
Bg3 Ke7 80. Kc4 Kd7 81. Kd4 Ke7 82. e5 cxd5 83. Kxd5 Nf8 84. Be1 Ne6 85. Bb4
Kd7 86. Ke4 Kc6 87. Kf5 Kd5 88. Ba5 Nd4+ 89. Kf6 Ne6 90. Bb4 Nf4 91. Bc3 Ne6
92. Kg6 Nxc5 93. Kxh5 Ke6 94. Kg6 Nd7 95. h5 b5 96. h6 b4 97. Ba1 1-0

[Event "34. Torneo Internacional La Roda"]
[Site "La Roda ESP"]
[Date "2007.04.07"]
[Round "7.20"]
[White "Bermejo Martinez, Jorge"]
[Black "Gutierrez Lucas, Jose Luis"]
[Result "1/2-1/2"]
[WhiteElo "2240"]
[BlackElo "2078"]
[PlyCount "40"]
[EventDate "2007.04.04"]
[EventType "swiss"]
[EventRounds "9"]
[EventCountry "ESP"]
[Source "lmi"]
[SourceDate "2007.04.04"]

1. Nf3 Nf6 2. c4 g6 3. d4 Bg7 4. Nc3 d5 5. Bf4 c6 6. e3 O-O 7. h3 a6 8. Bd3 c5
9. dxc5 Qa5 10. O-O Qxc5 11. cxd5 Nxd5 12. Nxd5 Qxd5 13. Qc2 Nc6 14. Rfd1 Qh5
15. Rac1 Be6 16. b3 Rfc8 17. Be4 Qb5 18. Bd3 Qh5 19. Be4 Qb5 20. Bd3 Qh5
1/2-1/2

[Event "34. Torneo Internacional La Roda"]
[Site "La Roda ESP"]
[Date "2007.04.08"]
[Round "8.1"]
[White "Paunovic, Dragan"]
[Black "Khamrakulov, Ibragim S"]
[Result "1/2-1/2"]
[WhiteElo "2524"]
[BlackElo "2545"]
[PlyCount "21"]
[EventDate "2007.04.04"]
[EventType "swiss"]
[EventRounds "9"]
[EventCountry "ESP"]
[Source "lmi"]
[SourceDate "2007.04.04"]

1. Nf3 Nf6 2. c4 e6 3. g3 d5 4. Bg2 c6 5. Qc2 Be7 6. O-O O-O 7. d4 Nbd7 8. b3
b6 9. Rd1 Ba6 10. Nbd2 Rc8 11. e4 1/2-1/2

[Event "34. Torneo Internacional La Roda"]
[Site "La Roda ESP"]
[Date "2007.04.08"]
[Round "8.2"]
[White "Petkov, Vladimir"]
[Black "Hernandez Carmenates, Holden"]
[Result "1-0"]
[WhiteElo "2456"]
[BlackElo "2541"]
[PlyCount "87"]
[EventDate "2007.04.04"]
[EventType "swiss"]
[EventRounds "9"]
[EventCountry "ESP"]
[Source "lmi"]
[SourceDate "2007.04.04"]

1. d4 Nf6 2. c4 e6 3. g3 d5 4. Bg2 Bb4+ 5. Bd2 Be7 6. Nf3 O-O 7. O-O c6 8. Nc3
b6 9. Ne5 Bb7 10. Qa4 a6 11. Qb3 dxc4 12. Qxc4 b5 13. Qd3 Qb6 14. Bg5 Rd8 15.
Rfd1 Nbd7 16. Qf3 Rac8 17. Ne4 Rc7 18. b4 Nxe5 19. dxe5 Rxd1+ 20. Rxd1 Nxe4 21.
Bxe7 Rxe7 22. Qxe4 g6 23. Rd6 a5 24. a3 axb4 25. axb4 Re8 26. Qf4 Qc7 27. h4 h5
28. Qd4 Re7 29. Rd8+ Kg7 30. Qd6 Kh7 31. Kh2 Kg7 32. Be4 Kh7 33. Kg1 Kg7 34.
Bf3 Kh7 35. Kf1 Kg7 36. Ke1 Kh7 37. Kd2 Kg7 38. Ke3 Qb6+ 39. Kf4 Qc7 40. Kg5 c5
41. bxc5 Bxf3 42. exf3 b4 43. Rb8 Qa7 44. Qd8 1-0

[Event "34. Torneo Internacional La Roda"]
[Site "La Roda ESP"]
[Date "2007.04.08"]
[Round "8.3"]
[White "Velicka, Petr"]
[Black "Suba, Mihai"]
[Result "1/2-1/2"]
[WhiteElo "2504"]
[BlackElo "2537"]
[PlyCount "55"]
[EventDate "2007.04.04"]
[EventType "swiss"]
[EventRounds "9"]
[EventCountry "ESP"]
[Source "lmi"]
[SourceDate "2007.04.04"]

1. e4 c5 2. Nf3 d6 3. Bb5+ Nd7 4. d4 Ngf6 5. O-O cxd4 6. Qxd4 g6 7. e5 dxe5 8.
Qxe5 Bg7 9. Re1 e6 10. Qd6 Qe7 11. Qxe7+ Kxe7 12. Bd2 Nd5 13. c4 Nc7 14. Bb4+
Ke8 15. Bc3 Bxc3 16. Nxc3 Ke7 17. Nd5+ Nxd5 18. cxd5 Nb6 19. dxe6 Bxe6 20. Ng5
Rac8 21. Nxe6 fxe6 22. Rac1 Rxc1 23. Rxc1 Rc8 24. Rxc8 Nxc8 25. Kf1 g5 26. Ke2
Nd6 27. Bd3 h6 28. Ke3 1/2-1/2

[Event "34. Torneo Internacional La Roda"]
[Site "La Roda ESP"]
[Date "2007.04.08"]
[Round "8.4"]
[White "Lalic, Bogdan"]
[Black "Guerra Bastida, Diego"]
[Result "1-0"]
[WhiteElo "2519"]
[BlackElo "2371"]
[PlyCount "49"]
[EventDate "2007.04.04"]
[EventType "swiss"]
[EventRounds "9"]
[EventCountry "ESP"]
[Source "lmi"]
[SourceDate "2007.04.04"]

1. d4 Nf6 2. c4 e6 3. Nf3 b6 4. g3 Bb7 5. Bg2 Be7 6. Nc3 Ne4 7. Bd2 f5 8. Qc2
O-O 9. Rd1 Bf6 10. d5 Na6 11. Nxe4 fxe4 12. Qxe4 Re8 13. Qc2 exd5 14. cxd5 Nc5
15. Be3 Rxe3 16. fxe3 Qe7 17. b4 Ne4 18. O-O d6 19. Nd4 Nxg3 20. Rxf6 Qxe3+ 21.
Rf2 Rf8 22. Bf3 Nh1 23. Kxh1 Qxf2 24. Qxc7 Bc8 25. Ne6 1-0

[Event "34. Torneo Internacional La Roda"]
[Site "La Roda ESP"]
[Date "2007.04.08"]
[Round "8.5"]
[White "Mirzoev, Azer"]
[Black "Kozakov, Mikhail"]
[Result "1-0"]
[WhiteElo "2535"]
[BlackElo "2415"]
[PlyCount "129"]
[EventDate "2007.04.04"]
[EventType "swiss"]
[EventRounds "9"]
[EventCountry "ESP"]
[Source "lmi"]
[SourceDate "2007.04.04"]

1. Nf3 d6 2. d4 Bg4 3. c4 Bxf3 4. gxf3 g6 5. Qb3 Qc8 6. Bh3 Nd7 7. Bxd7+ Kxd7
8. Nc3 c6 9. d5 c5 10. Bd2 Bg7 11. e4 Ke8 12. O-O-O Nf6 13. f4 Nd7 14. h4 Qc7
15. h5 Qb6 16. Qc2 a6 17. Rde1 Rg8 18. Nd1 Qc7 19. hxg6 hxg6 20. Bc3 Bd4 21.
Qe2 f6 22. Rh7 Nf8 23. Rh3 Nd7 24. Kb1 Rb8 25. Qg4 Nf8 26. Rd3 b5 27. cxb5 axb5
28. Bxd4 cxd4 29. Rxd4 Qa5 30. Rh1 b4 31. b3 Ra8 32. Rd2 Nd7 33. Qe6 Rf8 34.
Rh7 Qd8 35. Rc2 Nb6 36. Ne3 Qd7 37. f5 g5 38. Rc6 Rb8 39. Nc2 Na8 40. Nxb4 Nc7
41. Qxd7+ Kxd7 42. Rxc7+ Kxc7 43. Na6+ Kd7 44. Nxb8+ Rxb8 45. Kc2 Rc8+ 46. Kd2
Ra8 47. a4 Rb8 48. Rh3 Rb4 49. Re3 Rb8 50. Kc3 Rh8 51. b4 Rh2 52. f3 Kc7 53.
Kb3 Kb6 54. Rc3 Rf2 55. Rc6+ Kb7 56. a5 Rxf3+ 57. Ka4 g4 58. a6+ Kb8 59. Kb5
Ra3 60. Kb6 g3 61. Rc2 Ra1 62. b5 Ra3 63. Rg2 Rc3 64. Rg1 Ka8 65. a7 1-0

[Event "34. Torneo Internacional La Roda"]
[Site "La Roda ESP"]
[Date "2007.04.08"]
[Round "8.6"]
[White "Minzer, Claudio Javier"]
[Black "Radulski, Julian"]
[Result "1/2-1/2"]
[WhiteElo "2414"]
[BlackElo "2485"]
[PlyCount "78"]
[EventDate "2007.04.04"]
[EventType "swiss"]
[EventRounds "9"]
[EventCountry "ESP"]
[Source "lmi"]
[SourceDate "2007.04.04"]

1. Nf3 d5 2. c4 e6 3. d4 c6 4. e3 f5 5. Bd3 Nf6 6. O-O Bd6 7. b3 O-O 8. Ba3
Bxa3 9. Nxa3 Ne4 10. Nb1 Nd7 11. Nbd2 b6 12. Rc1 Bb7 13. Qe2 a5 14. Ne1 c5 15.
cxd5 exd5 16. Bb5 Ndf6 17. Ndf3 Nd6 18. a4 Nfe4 19. Nd3 Nxb5 20. axb5 Rc8 21.
Nb2 f4 22. Na4 fxe3 23. fxe3 Qd6 24. Ne5 cxd4 25. Rxc8 Bxc8 26. exd4 Be6 27.
Nc6 Rxf1+ 28. Qxf1 Bd7 29. Ne5 Be8 30. Qf5 Qb4 31. Qe6+ Kf8 32. h3 Qe1+ 33. Kh2
Qg3+ 34. Kg1 Qe3+ 35. Kh2 Qf4+ 36. Kg1 Qe3+ 37. Kh2 Qg3+ 38. Kg1 Qe1+ 39. Kh2
Qg3+ 1/2-1/2

[Event "34. Torneo Internacional La Roda"]
[Site "La Roda ESP"]
[Date "2007.04.08"]
[Round "8.7"]
[White "Rizouk, Aimen"]
[Black "Rojas, Luis"]
[Result "1-0"]
[WhiteElo "2484"]
[BlackElo "2414"]
[PlyCount "73"]
[EventDate "2007.04.04"]
[EventType "swiss"]
[EventRounds "9"]
[EventCountry "ESP"]
[Source "lmi"]
[SourceDate "2007.04.04"]

1. e4 e6 2. d4 d5 3. Nd2 c5 4. exd5 Qxd5 5. dxc5 Bxc5 6. Ngf3 Nf6 7. Bc4 Qh5 8.
Qe2 O-O 9. Nf1 Bd6 10. Bg5 b5 11. Bxb5 Bb7 12. Bxf6 gxf6 13. Ng3 Qh6 14. O-O a6
15. Ba4 Nc6 16. Rad1 Rfd8 17. Bxc6 Bxc6 18. Nd4 Be8 19. Rd3 Be5 20. Rfd1 Rdc8
21. b3 a5 22. Nh5 a4 23. f4 Bxd4+ 24. Rxd4 axb3 25. axb3 Kf8 26. f5 exf5 27.
Re1 Bc6 28. Qe7+ Kg8 29. Nxf6+ Kh8 30. Rd3 Bxg2 31. Rg3 f4 32. Rxg2 f3 33. Ng4
Qb6+ 34. Rf2 Rg8 35. h3 f5 36. Qe5+ Rg7 37. Qxf5 1-0

[Event "34. Torneo Internacional La Roda"]
[Site "La Roda ESP"]
[Date "2007.04.08"]
[Round "8.8"]
[White "Spassov, Liuben"]
[Black "Borges Mateos, Juan"]
[Result "1/2-1/2"]
[WhiteElo "2389"]
[BlackElo "2482"]
[PlyCount "57"]
[EventDate "2007.04.04"]
[EventType "swiss"]
[EventRounds "9"]
[EventCountry "ESP"]
[Source "lmi"]
[SourceDate "2007.04.04"]

1. d4 d5 2. c4 dxc4 3. Nf3 Nf6 4. e3 e6 5. Bxc4 c5 6. O-O a6 7. dxc5 Qxd1 8.
Rxd1 Bxc5 9. Nbd2 Ke7 10. b3 Rd8 11. Be2 b5 12. Bb2 Bb7 13. a4 bxa4 14. Rxa4
Nbd7 15. Rc1 Rdc8 16. Nd4 Nd5 17. Nc4 N7b6 18. Nxb6 Bxb6 19. Rac4 Ke8 20. Bf3
Rab8 21. Bxd5 exd5 22. Rxc8+ Rxc8 23. Nf5 Rxc1+ 24. Bxc1 g6 25. Nd6+ Kd7 26.
Nxf7 d4 27. Ne5+ Kc7 28. Nc4 Bd5 29. Nxb6 1/2-1/2

[Event "34. Torneo Internacional La Roda"]
[Site "La Roda ESP"]
[Date "2007.04.08"]
[Round "8.9"]
[White "Krivoshey, Sergei"]
[Black "Pomes Marcet, Juan"]
[Result "1/2-1/2"]
[WhiteElo "2475"]
[BlackElo "2388"]
[PlyCount "64"]
[EventDate "2007.04.04"]
[EventType "swiss"]
[EventRounds "9"]
[EventCountry "ESP"]
[Source "lmi"]
[SourceDate "2007.04.04"]

1. Nf3 d5 2. c4 c6 3. e3 Nf6 4. Nc3 a6 5. d4 b5 6. b3 Bg4 7. h3 Bxf3 8. Qxf3 e6
9. Bd3 Nbd7 10. O-O Be7 11. e4 dxc4 12. bxc4 e5 13. d5 Nc5 14. Rd1 b4 15. Ne2
cxd5 16. cxd5 O-O 17. Ng3 g6 18. Bh6 Re8 19. Rac1 Qd6 20. Rc4 Nfd7 21. Rdc1
Rec8 22. Bf1 a5 23. Qg4 Nf6 24. Qd1 Nfd7 25. Qg4 Nf6 26. Qd1 Nfd7 27. Be3 Rc7
28. Be2 Rac8 29. Bg4 Nb6 30. R4c2 Nbd7 31. Rc4 Nb6 32. R4c2 Nbd7 1/2-1/2

[Event "34. Torneo Internacional La Roda"]
[Site "La Roda ESP"]
[Date "2007.04.08"]
[Round "8.10"]
[White "Castellanos, Renier"]
[Black "Almagro Mazariegos, Sebastian"]
[Result "1-0"]
[WhiteElo "2471"]
[BlackElo "2315"]
[PlyCount "137"]
[EventDate "2007.04.04"]
[EventType "swiss"]
[EventRounds "9"]
[EventCountry "ESP"]
[Source "lmi"]
[SourceDate "2007.04.04"]

1. e4 c5 2. Nf3 Nc6 3. Bb5 Qc7 4. O-O e6 5. c3 a6 6. Ba4 Nf6 7. Re1 b5 8. Bc2
Bb7 9. d3 Be7 10. Nbd2 O-O 11. Nf1 d6 12. Ng3 Rfe8 13. Bf4 e5 14. Bg5 h6 15.
Bxf6 Bxf6 16. Nf5 Ne7 17. Ne3 g6 18. Bb3 Kg7 19. a4 Bc6 20. h3 Qb7 21. Qd2 Rab8
22. Ra2 Ra8 23. Rea1 Bg5 24. Qe2 Bxe3 25. Qxe3 Ng8 26. Nd2 Qe7 27. Nf1 Reb8 28.
Qg3 Qg5 29. Qxg5 hxg5 30. axb5 axb5 31. Ra7 Ne7 32. Ne3 Rxa7 33. Rxa7 Rb7 34.
Ra6 Rc7 35. Kf1 Nc8 36. Bd5 Bd7 37. Ke2 Ra7 38. Rxa7 Nxa7 39. Nc2 Nc8 40. b4
Kf8 41. Bb7 Ke7 42. Bxc8 Bxc8 43. Ke3 f5 44. f3 f4+ 45. Kd2 Kd7 46. c4 bxc4 47.
dxc4 cxb4 48. Nxb4 Ke6 49. Kc3 Bd7 50. Nd3 Ba4 51. Nb2 Be8 52. Kb4 Kd7 53. Na4
Kc6 54. Nc3 Kd7 55. Nd5 Bf7 56. Kb5 Ke6 57. Kb6 Kd7 58. Kb7 Ke6 59. Kc8 Bg8 60.
Kc7 Bf7 61. Kd8 g4 62. hxg4 g5 63. Kc8 Bg6 64. Nc3 Bf7 65. Kc7 Ke7 66. Nd5+ Ke6
67. Kd8 Bg8 68. Ke8 Bh7 69. Kf8 1-0

[Event "34. Torneo Internacional La Roda"]
[Site "La Roda ESP"]
[Date "2007.04.08"]
[Round "8.12"]
[White "Antoli Royo, Joaquin Miguel"]
[Black "Mateo, Ramon"]
[Result "0-1"]
[WhiteElo "2356"]
[BlackElo "2448"]
[PlyCount "68"]
[EventDate "2007.04.04"]
[EventType "swiss"]
[EventRounds "9"]
[EventCountry "ESP"]
[Source "lmi"]
[SourceDate "2007.04.04"]

1. e4 c6 2. Nf3 d5 3. exd5 cxd5 4. Ne5 a6 5. d4 Nc6 6. g3 Bf5 7. Bg2 Rc8 8. c4
Nxe5 9. dxe5 Rxc4 10. Na3 Rc7 11. Qxd5 Rd7 12. Qb3 Qa5+ 13. Qc3 Qxc3+ 14. bxc3
Bd3 15. Be3 e6 16. Nb1 Nh6 17. f4 Nf5 18. Bb6 g5 19. fxg5 Bg7 20. Nd2 Bxe5 21.
O-O-O O-O 22. Nb3 Rc8 23. Nc5 Rd6 24. Bxb7 Rxb6 25. Bxc8 Bb5 26. Bd7 Bxc3 27.
Bxb5 Rxb5 28. Nb3 a5 29. Rd3 Bb4 30. Rd8+ Kg7 31. Ra8 Ne3 32. h4 Rf5 33. g4 Rf2
34. h5 Ba3+ 0-1

[Event "34. Torneo Internacional La Roda"]
[Site "La Roda ESP"]
[Date "2007.04.08"]
[Round "8.14"]
[White "Saldano, Horacio"]
[Black "Sanchez Delgado, Lidia"]
[Result "1-0"]
[WhiteElo "2422"]
[BlackElo "2025"]
[PlyCount "41"]
[EventDate "2007.04.04"]
[EventType "swiss"]
[EventRounds "9"]
[EventCountry "ESP"]
[Source "lmi"]
[SourceDate "2007.04.04"]

1. Nf3 c5 2. c4 g6 3. g3 Bg7 4. Bg2 e6 5. d4 Ne7 6. O-O cxd4 7. Nxd4 O-O 8. Nc3
a6 9. Nb3 d6 10. Bf4 e5 11. Bg5 f6 12. Be3 Nf5 13. Bd2 Nc6 14. Nd5 Nh6 15. Be3
f5 16. Bb6 Qd7 17. c5 Nf7 18. cxd6 e4 19. Bc7 Nfe5 20. Nb6 Qf7 21. Nxa8 1-0

[Event "34. Torneo Internacional La Roda"]
[Site "La Roda ESP"]
[Date "2007.04.08"]
[Round "8.15"]
[White "Pogorelov, Ruslan"]
[Black "Jimenez Martinez, Jose Vicente"]
[Result "1-0"]
[WhiteElo "2462"]
[BlackElo "2202"]
[PlyCount "79"]
[EventDate "2007.04.04"]
[EventType "swiss"]
[EventRounds "9"]
[EventCountry "ESP"]
[Source "lmi"]
[SourceDate "2007.04.04"]

1. Nf3 g6 2. c4 Bg7 3. d4 d6 4. e4 Nf6 5. Nc3 O-O 6. Be2 e5 7. O-O Nc6 8. d5
Ne7 9. Ne1 Nd7 10. Be3 f5 11. f3 f4 12. Bf2 g5 13. a4 h5 14. a5 Rf6 15. Nb5 a6
16. Na7 Rg6 17. Nxc8 Rxc8 18. Nd3 Nf6 19. c5 Bf8 20. Qb3 g4 21. cxd6 cxd6 22.
Bb6 Qd7 23. Rac1 Kh7 24. Rxc8 Nxc8 25. Rc1 Ne8 26. Kh1 Ne7 27. Qc4 Rg7 28. Nb4
Ng6 29. Qc8 Qa4 30. Nc6 h4 31. Nd8 Nf6 32. Qf5 Qb4 33. Qxf6 Qd2 34. Rg1 Qxe2
35. Qf5 h3 36. Qxg4 hxg2+ 37. Rxg2 Qf1+ 38. Rg1 Qe2 39. Qh5+ Kg8 40. Rxg6 1-0

[Event "34. Torneo Internacional La Roda"]
[Site "La Roda ESP"]
[Date "2007.04.08"]
[Round "8.16"]
[White "Bellon Lopez, Juan Manuel"]
[Black "Molina, Jorge"]
[Result "1-0"]
[WhiteElo "2425"]
[BlackElo "2201"]
[PlyCount "37"]
[EventDate "2007.04.04"]
[EventType "swiss"]
[EventRounds "9"]
[EventCountry "ESP"]
[Source "lmi"]
[SourceDate "2007.04.04"]

1. d4 d5 2. Nf3 e6 3. e3 c5 4. c3 Nf6 5. Bd3 Nc6 6. O-O Qc7 7. Nbd2 Bd6 8. dxc5
Bxc5 9. e4 O-O 10. exd5 exd5 11. Nb3 Bb6 12. a4 Bg4 13. a5 Nxa5 14. Nxa5 Bxa5
15. Ra4 Ne4 16. h3 Bh5 17. Bc2 Rad8 18. Be3 Bb6 19. Re1 1-0

[Event "34. Torneo Internacional La Roda"]
[Site "La Roda ESP"]
[Date "2007.04.08"]
[Round "8.17"]
[White "Dias, Paulo"]
[Black "Martinez Lozano, Miguel Angel"]
[Result "1-0"]
[WhiteElo "2413"]
[BlackElo "2194"]
[PlyCount "95"]
[EventDate "2007.04.04"]
[EventType "swiss"]
[EventRounds "9"]
[EventCountry "ESP"]
[Source "lmi"]
[SourceDate "2007.04.04"]

1. d4 Nf6 2. c4 g6 3. Nc3 Bg7 4. e4 d6 5. f4 O-O 6. Nf3 Na6 7. Bd3 e5 8. fxe5
dxe5 9. d5 Nc5 10. Bc2 a5 11. O-O Ne8 12. Qe2 h6 13. Be3 Qe7 14. Rad1 b6 15.
Qf2 Nb7 16. Kh1 f5 17. exf5 Bxf5 18. Bxf5 Rxf5 19. Qh4 g5 20. Qg4 Qd7 21. Nxe5
Rxf1+ 22. Rxf1 Qxg4 23. Nxg4 Nbd6 24. c5 bxc5 25. Bxc5 Nc4 26. b3 Nd2 27. Rc1
h5 28. Ne3 Rd8 29. Be7 Rd7 30. Bc5 Nd6 31. Bxd6 cxd6 32. Nb5 Re7 33. Nf5 Re2
34. Nbxd6 Be5 35. Nc4 Bf4 36. Nxd2 Rxd2 37. g3 Be5 38. Re1 Bf6 39. Re6 Bc3 40.
d6 a4 41. bxa4 Ba5 42. Re5 Bb6 43. a5 Ba7 44. Rd5 Rxd5 45. Ne7+ Kf7 46. Nxd5
Ke6 47. Nc7+ Kd7 48. Nb5 1-0

[Event "34. Torneo Internacional La Roda"]
[Site "La Roda ESP"]
[Date "2007.04.08"]
[Round "8.18"]
[White "Sanchez Jimenez, Juan Carlos"]
[Black "Vaya Gomez, Alejandro"]
[Result "1-0"]
[WhiteElo "2278"]
[BlackElo "2166"]
[PlyCount "79"]
[EventDate "2007.04.04"]
[EventType "swiss"]
[EventRounds "9"]
[EventCountry "ESP"]
[Source "lmi"]
[SourceDate "2007.04.04"]

1. d4 g6 2. c4 Bg7 3. Nc3 d6 4. e4 Nc6 5. Be3 e5 6. d5 Nce7 7. c5 f5 8. cxd6
cxd6 9. Qa4+ Kf8 10. Qa3 Nf6 11. f3 fxe4 12. fxe4 Ng4 13. Bg5 Qb6 14. Nd1 Bf6
15. Bd2 a5 16. Nf3 Kg7 17. h3 Nh6 18. Ne3 Nf7 19. Nc4 Qd8 20. Bxa5 Qf8 21. Nb6
Ra7 22. Bd3 Ng5 23. O-O Nxh3+ 24. gxh3 Bxh3 25. Rf2 Nc8 26. Nxc8 Qxc8 27. Qc3
Qg4+ 28. Kh1 Qh5 29. Qc7+ Kh6 30. Bd2+ g5 31. Nh2 Rf8 32. Rg1 Rf7 33. Qxd6 Kg7
34. Rxf6 Rxf6 35. Qxe5 Kf7 36. Qc7+ Kf8 37. Qb8+ Kf7 38. Qxa7 Bc8 39. e5 Rf3
40. e6+ 1-0

[Event "34. Torneo Internacional La Roda"]
[Site "La Roda ESP"]
[Date "2007.04.08"]
[Round "8.19"]
[White "Garcia Romero, Benjamin Abel"]
[Black "Gutierrez Lucas, Jose Luis"]
[Result "1-0"]
[WhiteElo "2263"]
[BlackElo "2078"]
[PlyCount "91"]
[EventDate "2007.04.04"]
[EventType "swiss"]
[EventRounds "9"]
[EventCountry "ESP"]
[Source "lmi"]
[SourceDate "2007.04.04"]

1. d4 Nf6 2. c4 c5 3. d5 e6 4. Nc3 exd5 5. cxd5 d6 6. Nf3 g6 7. e4 Bg7 8. Bb5+
Nfd7 9. Bf4 Qb6 10. Nd2 O-O 11. a4 Ne5 12. a5 Qd8 13. O-O g5 14. Bg3 f5 15.
exf5 a6 16. Be2 Bxf5 17. Nc4 Nxc4 18. Bxc4 Qf6 19. Qb3 Nd7 20. Rae1 Kh8 21. Kh1
Rab8 22. f4 g4 23. Qd1 Qg6 24. Re6 Rf6 25. Bh4 Qh5 26. Bxf6 Nxf6 27. Re3 Qh6
28. g3 b5 29. axb6 Rxb6 30. Qe2 Nh5 31. Re8+ Bf8 32. Kg1 Nf6 33. Re3 Bg7 34. b3
Bg6 35. f5 Bf7 36. Re8+ Bg8 37. Re1 a5 38. Qc2 Nh5 39. Kg2 Nf4+ 40. Kh1 Nh5 41.
Ne4 a4 42. Qd2 Nxg3+ 43. Kg2 Qh3+ 44. Kg1 Bd4+ 45. Nf2 axb3 46. R8e4 1-0

[Event "34. Torneo Internacional La Roda"]
[Site "La Roda ESP"]
[Date "2007.04.08"]
[Round "8.20"]
[White "Garcia Moreno, Carlos"]
[Black "Serna Lara, Sergio"]
[Result "0-1"]
[WhiteElo "2106"]
[BlackElo "2251"]
[PlyCount "86"]
[EventDate "2007.04.04"]
[EventType "swiss"]
[EventRounds "9"]
[EventCountry "ESP"]
[Source "lmi"]
[SourceDate "2007.04.04"]

1. e4 e6 2. Nf3 d5 3. Nc3 Nf6 4. e5 Nfd7 5. d4 c5 6. dxc5 Nc6 7. Bf4 Nxc5 8.
Qe2 a6 9. g3 Bd7 10. Bg2 h6 11. a3 Rc8 12. Rd1 Qa5 13. Bd2 Na4 14. Nxa4 Qxa4
15. Bc3 Na7 16. Nd4 Nb5 17. Nxb5 Bxb5 18. Qd2 Qc4 19. Qe3 Bc5 20. Qf3 Bxa3 21.
Bf1 Qc6 22. Bxb5 axb5 23. h4 Be7 24. O-O O-O 25. Qg4 Qa6 26. Ra1 Qb6 27. Bd4
Bc5 28. Bc3 b4 29. Bd2 Kh8 30. Ra4 Ra8 31. Rxa8 Rxa8 32. Qf3 Kg8 33. Qg4 Kf8
34. Qf3 Qb5 35. g4 Qc4 36. g5 Qxc2 37. gxh6 Qxd2 38. hxg7+ Kg8 39. Qf6 Kh7 40.
Kh2 Rg8 41. Rg1 Qxf2+ 42. Rg2 Qxf6 43. exf6 Bd4 0-1

[Event "34. Torneo Internacional La Roda"]
[Site "La Roda ESP"]
[Date "2007.04.08"]
[Round "9.1"]
[White "Paunovic, Dragan"]
[Black "Petkov, Vladimir"]
[Result "1-0"]
[WhiteElo "2524"]
[BlackElo "2456"]
[PlyCount "99"]
[EventDate "2007.04.04"]
[EventType "swiss"]
[EventRounds "9"]
[EventCountry "ESP"]
[Source "lmi"]
[SourceDate "2007.04.04"]

1. c4 Nf6 2. Nf3 e6 3. g3 d5 4. Bg2 Be7 5. O-O O-O 6. d4 c6 7. Nc3 b6 8. Ne5
Nfd7 9. cxd5 Nxe5 10. dxe5 cxd5 11. Nxd5 exd5 12. Qxd5 Qxd5 13. Bxd5 Bh3 14.
Bxa8 Bxf1 15. Kxf1 Nd7 16. Bg2 Nxe5 17. Bd2 Bf6 18. Bc3 Rc8 19. Rd1 h5 20. Bd5
b5 21. h3 h4 22. gxh4 Ng6 23. Bxf6 gxf6 24. h5 Nf4 25. Bb3 a5 26. e3 Nxh3 27.
a4 Rb8 28. Rd2 Ng5 29. axb5 Rxb5 30. Bd1 Kg7 31. Rc2 Kh6 32. Ke1 a4 33. Kd2 Ra5
34. Rc6 Ne4+ 35. Ke1 a3 36. bxa3 Rxa3 37. Bc2 Ra1+ 38. Ke2 Ra2 39. Kf3 Ng5+ 40.
Kg4 Kg7 41. f4 Ne6 42. Bb3 Rg2+ 43. Kf5 Nd8 44. Rxf6 Rg3 45. h6+ Kf8 46. Ke4
Ke7 47. Rb6 Rh3 48. Ra6 Rh5 49. Bd5 Kf8 50. f5 1-0

[Event "34. Torneo Internacional La Roda"]
[Site "La Roda ESP"]
[Date "2007.04.08"]
[Round "9.2"]
[White "Khamrakulov, Ibragim S"]
[Black "Mirzoev, Azer"]
[Result "1-0"]
[WhiteElo "2545"]
[BlackElo "2535"]
[PlyCount "109"]
[EventDate "2007.04.04"]
[EventType "swiss"]
[EventRounds "9"]
[EventCountry "ESP"]
[Source "lmi"]
[SourceDate "2007.04.04"]

1. e4 c5 2. Nf3 d6 3. c3 Nf6 4. Qc2 g6 5. g3 Bg7 6. Bg2 O-O 7. O-O Nc6 8. d3 e5
9. Nbd2 h6 10. a4 Be6 11. Nc4 Qd7 12. b3 Rad8 13. Bb2 Bh3 14. Rad1 Bxg2 15.
Kxg2 Rfe8 16. Ne3 Qc8 17. Ba3 b6 18. b4 cxb4 19. cxb4 Qb7 20. Rc1 Rc8 21. Qb3
b5 22. axb5 Qxb5 23. Qc4 a6 24. Qxb5 axb5 25. Ra1 Rc7 26. Rfc1 Rec8 27. Rc3 Ne7
28. Rxc7 Rxc7 29. Bb2 Bf8 30. Ra5 Rb7 31. Ra6 Ne8 32. d4 f6 33. Nd2 h5 34. f4
exf4 35. gxf4 Bh6 36. Kf3 g5 37. f5 g4+ 38. Ke2 d5 39. e5 Bxe3 40. Kxe3 fxe5
41. dxe5 Nxf5+ 42. Kf4 Nfg7 43. Kg5 Re7 44. Nb3 Rf7 45. e6 Rf3 46. Nc5 g3 47.
hxg3 Rxg3+ 48. Kf4 h4 49. Ra8 Kh7 50. Bxg7 Nxg7 51. e7 Rc3 52. Kg4 Rc4+ 53. Kh3
Rxb4 54. Ne6 Re4 55. Ng5+ 1-0

[Event "34. Torneo Internacional La Roda"]
[Site "La Roda ESP"]
[Date "2007.04.08"]
[Round "9.3"]
[White "Suba, Mihai"]
[Black "Castellanos, Renier"]
[Result "0-1"]
[WhiteElo "2537"]
[BlackElo "2471"]
[PlyCount "88"]
[EventDate "2007.04.04"]
[EventType "swiss"]
[EventRounds "9"]
[EventCountry "ESP"]
[Source "lmi"]
[SourceDate "2007.04.04"]

1. c4 g6 2. d4 Nf6 3. Nf3 Bg7 4. g3 O-O 5. Bg2 d6 6. O-O Nbd7 7. Nc3 e5 8. h3
Re8 9. e4 exd4 10. Nxd4 a6 11. Re1 Rb8 12. Rb1 Ne5 13. b3 c5 14. Nc2 Nc6 15. a4
Be6 16. Bb2 h5 17. Ba1 Nh7 18. h4 Qa5 19. Ne2 Be5 20. Nf4 Nf6 21. Nd5 Bxa1 22.
Rxa1 Bxd5 23. cxd5 Ne5 24. Ne3 Nfg4 25. Nc4 Qd8 26. f4 Nxc4 27. bxc4 b5 28.
axb5 axb5 29. Bf3 bxc4 30. Rc1 Rb2 31. Bxg4 hxg4 32. Qxg4 Qa8 33. Re2 Rxe2 34.
Qxe2 Qa3 35. Qe1 Rxe4 36. Qxe4 Qxc1+ 37. Kg2 Qd2+ 38. Kf3 c3 39. f5 gxf5 40.
Qxf5 c2 41. Qg4+ Kf8 42. Qc8+ Kg7 43. Qg4+ Kf6 44. Qf4+ Qxf4+ 0-1